20 éve keresem a rossz gyerkeket

Podrobná bibliografia
Ďalší autori: Olláry, Ildikó (Tazateľ)
Médium: Článok
Jazyk:maďarčina
Fyzický popis:Fotografie
ISSN:1335-938X
Predmet:

MARC

LEADER 00000nab a2200000 4500
001 vtls011973714
003 SK-MaSNL
005 20260318132623.0
008 200612|2020 xo |||| || ||00 0|hun
015 |a SNBRB2020/06 
040 |a DSZK  |b slo  |c DSZK  |e rda 
041 0 |a hun 
043 |a e-xo--- 
044 |a xo  |c SK 
072 7 |a 37  |x Výchova a vzdelávanie  |2 konspekt 
080 |a 37.011.3-051(437.612)  |2 2011 
100 1 |a Olláry, Ildikó  |4 ivr  |9 1109428 
245 1 0 |a 20 éve keresem a rossz gyerkeket  |c Olláry Ildikó, Zalka Lóránt 
246 3 |a Húsz éve keresem a rossz gyerkeket 
300 |b Fotografie 
336 |a text  |b txt  |2 rdacontent 
337 |a bez média  |b n  |2 rdamedia 
338 |a zväzok  |b nc  |2 rdacarrier 
600 1 7 |a Zalka, Lóránt,  |d 1975-  |2 dszk  |9 158691 
610 2 7 |a Základná škola Lászlóa Amadea s vyučovacím jazykom maďarským (Gabčíkovo, Slovensko)  |2 dszk  |9 1192784 
650 0 7 |a učitelia  |2 SNKPH  |9 3995 
651 7 |a Gabčíkovo (Slovensko)  |2 SNKPHgeo  |9 23512 
700 1 |a Zalka, Lóránt,  |d 1975-  |4 ive  |9 158691 
773 0 |t Új nő  |g Évf. 26, sz. 6 (2020), o. 51-53  |x 1335-938X 
958 |a SK 
958 |a HU 
958 |a RG 
999 |c 2074614  |d 2076544